Energy cropping versus food production : FAO expert consultation Rome,2-6 June 1980 (Record no. 40903)

MARC details
000 -LEADER
fixed length control field 00342nam a2200109Ia 4500
082 ## - DEWEY DECIMAL CLASSIFICATION NUMBER
Classification number 338.432
Item number FAO
245 #0 - TITLE STATEMENT
Title Energy cropping versus food production : FAO expert consultation Rome,2-6 June 1980
260 ## - PUBLICATION, DISTRIBUTION, ETC. (IMPRINT)
Place of publication Rome
Name of publisher FAO
Year of publication 1981
490 ## - SERIES STATEMENT
Series statement FAO agricultural services bulletin 46
942 ## - ADDED ENTRY ELEMENTS (KOHA)
Koha item type Books
Holdings
Withdrawn status Lost status Damaged status Not for loan Home library Current library Date acquired Cost, normal purchase price Full call number Accession Number Koha item type
        RRII Library RRII Library 16/12/2021 10.00 338.432 FAO 21196 Books